Music Quiz

Random Music Quiz

Top 100 Singles of 2011 in Australia (by artist) Quiz Stats

 Plays Quiz not verified by Sporcle

Support Sporcle.
Go Orange.
Score 0/100 Timer 20:00
0 Plays Today
# Artist % Correct
99Kanye West feat. John Legend, The-Dream, Ryan Leslie, Tony Williams, Charlie Wilson, Elly Jackson, Alicia Keys, Fergie, Kid Cudi, Drake, Rihanna and Elton John
97.3%
5Adele
96.9%
4Adele
96.9%
58David Guetta feat. Rihanna
96.9%
49Adele
96.9%
21Bruno Mars
96.5%
14Bruno Mars
96.5%
12Rihanna feat. Calvin Harris
96.5%
11Rihanna
96.5%
6LMFAO
96.5%
1LMFAO feat. Lauren Bennett and GoonRock
96.5%
87Bruno Mars
96.5%
75Snoop Dogg and Wiz Khalifa feat. Bruno Mars
96.5%
74Rihanna
96.5%
68Bad Meets Evil feat. Bruno Mars
96.5%
65Bruno Mars
96.5%
61Rihanna
96.5%
55David Guetta feat. Flo Rida and Nicki Minaj
96.5%
41Rihanna
96.5%
35LMFAO feat. Natalia Kills
96.5%
32Bruno Mars
96.5%
15Katy Perry feat. Kanye West
95.3%
31Katy Perry
95.3%
28Katy Perry
95.3%
18David Guetta feat. Sia
94.6%
3Maroon 5 feat. Christina Aguilera
93.8%
8Lady Gaga
93.4%
39Lady Gaga
93.4%
17Nicki Minaj
92.2%
56Taio Cruz feat. Flo Rida
90.3%
89David Guetta feat. Taio Cruz and Ludacris
89.5%
10Jennifer Lopez feat. Pitbull
89.1%
79Benny Benassi feat. Gary Go
89.1%
2Gotye feat. Kimbra
88.4%
# Artist % Correct
42David Guetta feat. Usher
88%
9Jessie J feat. B.o.B
86.8%
98Beyoncé
86.8%
93Beyoncé
86.8%
90Beyoncé
86.8%
86P!nk
85.7%
7Pitbull feat. Ne-Yo, Afrojack and Nayer
85.3%
13Snoop Dogg vs. David Guetta
84.9%
83Flo Rida feat. Akon
83.7%
20Flo Rida
83.3%
66Flo Rida
83.3%
62Pitbull feat. Marc Anthony
83.3%
72Jessie J
82.9%
53Jessie J
82.9%
38Calvin Harris feat. Kelis
81.4%
81Taio Cruz
81%
43Calvin Harris
81%
69One Direction
80.2%
22The Black Eyed Peas
75.6%
70The Black Eyed Peas
75.6%
24Ed Sheeran
74.8%
100Ke$ha
74.4%
77Ke$ha
74.4%
23Foster The People
73.3%
97Britney Spears
72.1%
71Britney Spears
72.1%
50Chris Brown feat. Benny Benassi
70.9%
30Chris Brown
70.5%
33Enrique Iglesias feat. Ludacris and DJ Frank E
65.9%
91Jason Derulo
64%
34Jason Derulo
64%
25Jason Derulo
64%
16Christina Perri
63.6%
57Usher
62.8%
# Artist % Correct
46Kelly Clarkson
62.8%
67The Lonely Island feat. Akon
61.6%
29Gym Class Heroes feat. Adam Levine
61.2%
54Coldplay
58.9%
40Havana Brown
58.1%
63Dr. Dre feat. Eminem and Skylar Grey
57%
48Avril Lavigne
44.2%
92Ian Carey feat. Bobby Anthony and Snoop Dogg
43.8%
96Afrojack feat. Eva Simons
43%
47Guy Sebastian feat. Eve
40.7%
59Lloyd feat. André 3000 and Lil Wayne
38%
37Diddy Dirty Money feat. Skylar Grey
37.6%
64Aloe Blacc
35.7%
94Alexandra Stan
31%
76Guy Sebastian
31%
78Nicole Scherzinger feat. 50 Cent
30.6%
36Cobra Starship feat. Sabi
29.1%
73Martin Solveig and Dragonette
27.1%
51Lupe Fiasco
26.7%
80Nicole Scherzinger
26%
44Hot Chelle Rae
24.8%
82Example
19.4%
60Simple Plan feat. Natasha Bedingfield
15.9%
26Alexis Jordan
14.7%
19Wynter Gordon
11.6%
52Jessica Mauboy
8.5%
27Reece Mastin
6.6%
84These Kids Wear Crowns
6.2%
85Justice Crew
5.4%
95The Potbelleez
4.3%
88Stan Walker
4.3%
45Marvin Priest
4.3%

You're not logged in!

Compare scores with friends on all Sporcle quizzes.
OR
Log In

From the Vault

NBA All-Stars on Championship Teams (2010s)

by NYYanks

Mascots and future talents don't count.
Remove Ads.
Support Sporcle.
Get the best of Sporcle when you Go Orange. This ad-free experience offers more features, more stats, and more fun while also helping to support Sporcle. Thank you for becoming a member.

Show Comments

Extras

Top Quizzes Today


Score Distribution

Your Account Isn't Verified!

In order to create a playlist on Sporcle, you need to verify the email address you used during registration. Go to your Sporcle Settings to finish the process.

Report this User

Report this user for behavior that violates our Community Guidelines.

Details: